Statistics for Group A - Lebanon AFC Asian Cup Squad

Click here to take the quiz!

General Stats

  • This quiz has been taken 6 times
  • The average score is 18 of 27

Answer Stats

#PositionClubPlayer Name% Correct
7FWAl-AnsarHassan Maatouk
100%
17FWAl-AhedAli Al Haj
80%
22FWBangkok UnitedBassel Jradi
80%
6DFAl-AhedHussein Zein
80%
18DFNejmehKassem El Zein
80%
1GKAl-FaisalyMehdi Khalil
80%
10MFAl-AhedMohamad Haidar
80%
21GKAl-AhedMostafa Matar
80%
14MFAl-AnsarMouhammed- Ali Dhaini
80%
4DFAl-AhedNour Mansou
80%
11FWAFC WimbledonOmar Chaaban
80%
12DFAl-AnsarRobert Alexander Melki
80%
8FWPenangSoony Saad
80%
23GKNejmehAli Sabeh
60%
20MFAl-AnsarAli Tneich
60%
24FWVancouver FCGabriel Bitar
60%
25MFAl-AhedHasan Srour
60%
26DFSafaHassan Chaitou
60%
9FWBourjHilal El-Helwe
60%
15MFPSS SlemanJihad Ayoub
60%
13DFAl-AhedKalil Khamis
60%
3DFNejmehMaher Sabra
60%
5DFAl-AnsarNassar Nassar
60%
16MFAl-AhedWalid Shour
60%
19FWAtlanteDaniel Kuri
40%
-Coach-Miodrag Radulović
40%
2MFAl-AnsarYahya El Hindi
40%

Score Distribution

Percentile by Number Answered

Percent of People with Each Score

Your Score History

You have not taken this quiz